Finding eternal treasures. (Record no. 3817)

000 -LEADER
fixed length control field 00568nam a2200193 a 4500
001 - CONTROL NUMBER
control field :::00001552$&:&@@
003 - CONTROL NUMBER IDENTIFIER
control field OkBaRHE
005 - DATE AND TIME OF LATEST TRANSACTION
control field 20000607103244.0
008 - FIXED-LENGTH DATA ELEMENTS--GENERAL INFORMATION
fixed length control field s1986 j 000 0 eng u
040 ## - CATALOGING SOURCE
Transcribing agency
100 1# - MAIN ENTRY--PERSONAL NAME
Personal name Johns, Cheryl Bridges.
245 10 - TITLE STATEMENT
Title Finding eternal treasures.
260 ## - PUBLICATION, DISTRIBUTION, ETC. (IMPRINT)
Place of publication, distribution, etc Cleveland, TN., :
Name of publisher, distributor, etc Pathway Press
Date of publication, distribution, etc c1986
300 ## - PHYSICAL DESCRIPTION
Extent 147 p. ;
Dimensions 20 cm.
490 0# - SERIES STATEMENT
Series statement Christian growth series.
650 ## - SUBJECT ADDED ENTRY--TOPICAL TERM
Topical term or geographic name as entry element Bible
General subdivision Study
942 ## - ADDED ENTRY ELEMENTS (KOHA)
Source of classification or shelving scheme
Koha item type Books
Copies
Not for loan Withdrawn status Shelving location Koha item type Lost status Price effective from Damaged status Copy number Date last seen Barcode Source of classification or shelving scheme Permanent Location Full call number Date acquired
  General StacksBooks 2010-04-14 12010-04-141552 RHEMA Bible Training CollegeBS 600 .J62010-04-14